[Event "SLO-ch U14"]
[Site "Murska Sobota"]
[Date "2007.03.01"]
[Round "8"]
[White "Belsak, Zan"]
[Black "Hostnik, Jure"]
[Result "1-0"]
[WhiteElo "1674"]
[BlackElo "1500"]
[PlyCount "69"]
[EventDate "2007.02.25"]
[EventType "swiss"]
[EventRounds "9"]
[EventCountry "SLO"]
[SourceTitle "CBM 117 Extra"]
[Source "ChessBase"]
[SourceDate "2007.05.09"]
[SourceVersion "1"]
[SourceVersionDate "2007.05.09"]
[SourceQuality "1"]

1. e4 e5 2. Nc3 Nf6 3. f4 d5 4. fxe5 Nxe4 5. d3 Nxc3 6. bxc3 Nc6 7. d4 Bf5 8. Nf3 Be4 9. Bd3 Bxd3 10. Qxd3 Qd7 11. 0-0 0-0-0 12. Ng5 f6 13. e6 Qe8 14. Nf7 Bd6 15. Nxh8 Qxh8 16. Bf4 g6 17. Rae1 f5 18. Qh3 Qg7 19. Qh4 Be7 20. Qg3 Bd6 21. Qe3 a6 22. Bxd6 cxd6 23. Qf4 Kc7 24. Re2 Re8 25. Rfe1 Qf6 26. Qc1 Nd8 27. Qa3 Rxe6 28. Rxe6 Nxe6 29. Qa5+ Kc6 30. Qa4+ Kb6 31. Qd7 Nf8 32. Rb1+ Ka5 33. Qc7+ Ka4 34. Rb4+ Ka3 35. Qa5# 1-0

[Event "SLO-ch U14"]
[Site "Murska Sobota"]
[Date "2007.02.25"]
[Round "1"]
[White "Grosar, Gari"]
[Black "Hostnik, Jure"]
[Result "1-0"]
[WhiteElo "1555"]
[BlackElo "1500"]
[PlyCount "79"]
[EventDate "2007.02.25"]
[EventType "swiss"]
[EventRounds "9"]
[EventCountry "SLO"]
[SourceTitle "CBM 117 Extra"]
[Source "ChessBase"]
[SourceDate "2007.05.09"]
[SourceVersion "1"]
[SourceVersionDate "2007.05.09"]
[SourceQuality "1"]

1. e4 e5 2. Nf3 Nc6 3. d4 f6 4. Bc4 d6 5. Nc3 Bg4 6. Be3 Qd7 7. h3 Bh5 8. Qd2 a6 9. 0-0-0 0-0-0 10. g4 Bf7 11. Bxf7 Qxf7 12. d5 Nce7 13. Nh4 g6 14. Rhf1 g5 15. Nf5 b6 16. a3 Kb7 17. Na2 h6 18. Qc3 Rc8 19. Nb4 Qe8 20. Rd3 Qb5 21. Qb3 a5 22. c4 Qd7 23. Na2 Ka7 24. Qc2 Rb8 25. b4 axb4 26. axb4 Kb7 27. Ra3 Ra8 28. Rxa8 Kxa8 29. b5 Qc8 30. Qa4+ Kb8 31. Nb4 Qb7 32. Kc2 Qa7 33. Na6+ Kc8 34. Ra1 Kb7 35. Nc5+ bxc5 36. Qxa7+ Kc8 37. Qa8+ Kd7 38. Qxf8 Ng6 39. Qf7+ Kd8 40. Ra8# 1-0